エクスポート完了 — 

Từ điển thuật ngữ y học Pháp - VIệt = Dictionaire des termes techniques de médecine

保存先:
書誌詳細
第一著者: Marcel Garnier
フォーマット: 図書
言語:Undetermined
出版事項: Hà Nội Y Học 1994
主題:
タグ: タグ追加
タグなし, このレコードへの初めてのタグを付けませんか!
Thư viện lưu trữ: Trung tâm Học liệu Trường Đại học Cần Thơ
LEADER 00630nam a2200205Ia 4500
001 CTU_26545
008 210402s9999 xx 000 0 und d
082 |a 610.3 
082 |b G236 
100 |a Marcel Garnier 
245 0 |a Từ điển thuật ngữ y học Pháp - VIệt 
245 0 |b = Dictionaire des termes techniques de médecine 
245 0 |c Marcel Garnier, Valéry Delmare; Lê Văn Trí biên dịch 
260 |a Hà Nội 
260 |b Y Học 
260 |c 1994 
650 |a medicine 
650 |x terminology 
904 |i Minh 
980 |a Trung tâm Học liệu Trường Đại học Cần Thơ